Регионална библиотека "Любен Каравелов" - Русе

Е (Запис номер 294661)

MARC детайли
000 -Лидер
Контролно поле с фиксирана дължина 01076nas a2200277 c 4500
003 - Код на организацията, давaща контролен номер
Контролно поле BLK
005 - Дата и час на последна редакция
Контролно поле 20180421003141.0
008 - Елементи от данни с фиксирана дължина
fixed length control field 180413b bul rap|r|||| |0| c1bulo|
010 ## - Наследен системен номер
LC control number PRD00003511000
022 ## - Международен стандартен номер на серия ISSN
Международният стандартен номер на серията ISSN 1310-9189
040 ## - Източник на каталожния запис
Идентификатор на билиотеката - собственик на записа BLK
041 ## - Код за език
Код за езика на текст/звукозапис или на отделно заглавие Български
Код за езика КДБФ Български
080 ## - УДК
Текстов определител УДК Фармация. Фармакология. Обща терапия. Токсикология. Интензивна терапия
УДК код - определител по УДК 615
УДК определител
УДК - код + определител 615
110 1# - Редна дума - колетивен орган
Редна дума - наименование на организация или юридическо лице Изд. на Търг. Лига ООД
Авторска отговорност (Описва отношението между автора и произведението) Ред. кол.: Димитър Димитров
9 (RLIN) 360448
245 10 - Сведения за заглавието
Заглавие Е
Редно поле (дума) Изд. на Търг. Лига ООД ; Ред. кол.: Димитър Димитров
Дата на създаване на произведението Начална год. на издаване: 1997, № 1,
257 ## - Страна на издаване
Страна на създаване/издаване България
260 ## - Област на издателските данни
-- София
Име на издателя, разпространителя и проч. Artine Ltd.
Година на издаване 1997
300 ## - Физическа характеристика
Размери/Мащаб 29
310 ## - Текуща периодчност на изданието
-- периодичност: 0
Срок за съхранение срок за съхранение: 99
380 ## - Жанр
Жанр Медицина
852 ## - Местоположение
Форматна сигнатура Б 2423
856 ## - Електронен адрес и достъп
Електронен формат pdf - файл
Път до файла /url/
856 ## - Електронен адрес и достъп
Електронен формат pdf - файл
Път до файла /url/
942 ## - АРТИКУЛИ
Вид на библиотечния материал Списания
Скрит в OPAC Не
Периодичен библиозапис Да
944 ## - СЪЗДАВАНЕ И РЕДАКЦИЯ на ЗАПИСА
Създаване/Редакция Създаване
Дата на регистрацията/редакция Мария_Кръстева
Служител, извършил регистрацията/редакцията 15.01.2003
944 ## - СЪЗДАВАНЕ И РЕДАКЦИЯ на ЗАПИСА
Създаване/Редакция Редакция
Дата на регистрацията/редакция Людмила_Стоянова
Служител, извършил регистрацията/редакцията 27.03.2018
999 ## - СИСТЕМНИ КОНТРОЛНИ НОМЕРА
Koha biblionumber 294661
Koha biblioitemnumber 294661
Наличности
Код за отписване Код за изгубен артикул Код за повреда Коз за рестрикции Код за отдаване Артикулен № Име на библиотеката - собственик Име на библиотеката, в която се намира в момента Статус (Текущо местоположение) Дата на вписване в системата Местоположение - отдел Цена в лева Номерация (Хронология) Инвентарен номер Систематично азбучна сигнатура Баркод Номер на екземпляра Цена в евро Служебна бележка Служебен тип на артикула Бележка за публиката
  Не е изгубен Не е повреден без рестрикции ползва се в читалня 622224 Регионална библиотека "Любен Каравелов" Русе Регионална библиотека "Любен Каравелов" Русе Хранилище 2018-03-27 Хранилище 3.00 Обхват на том: 1-3 130000740000 Б 2423 130000740000 1 1.53 Дост: Dp, Вид: Д, N: 50, Дата: 28.12.1997 Списания Год. на изд.: 1997
Vip Innovations Ltd, Rousse, Bulgaria 2025